[Event "Titled Tuesday intern op 19th Sep Early"]
[Site "Chess.com INT"]
[Date "2023.09.19"]
[Round "3"]
[White "Gamayev, Oleg"]
[Black "Heinechen, John"]
[Result "0-1"]
[WhiteElo "2160"]
[BlackElo "1957"]
[PlyCount "64"]
[EventDate "2023.09.19"]
[EventType "swiss (blitz)"]
[EventRounds "11"]
[EventCountry "USA"]
[SourceTitle "EXT 2024"]
[Source "ChessBase"]
[SourceDate "2023.10.10"]
[SourceVersion "1"]
[SourceVersionDate "2023.10.10"]
[SourceQuality "1"]

1. Nf3 Nf6 2. d4 g6 3. Bf4 Bg7 4. e3 0-0 5. Nbd2 d6 6. h3 Nbd7 7. Be2 Re8 8. 0-0 e5 9. Bh2 Qe7 10. c3 b6 11. b3 Bb7 12. Rc1 e4 13. Ne1 c5 14. Nc2 d5 15. c4 Rac8 16. cxd5 Nxd5 17. Nc4 cxd4 18. Nxd4 Red8 19. Nd6 Rxc1 20. Qxc1 Ba8 21. Rd1 Ne5 22. Nc4 Nd3 23. Qb1 Nc3 24. Qc2 Nxd1 25. Qxd1 Bxd4 26. exd4 Rxd4 27. Qc2 Qc5 28. Qb1 Rxc4 29. bxc4 Qxf2+ 30. Kh1 Qxe2 31. Qb5 Nf2+ 32. Kg1 Qe1# 0-1

[Event "Titled Tuesday intern op 12th Sep Early"]
[Site "Chess.com INT"]
[Date "2023.09.12"]
[Round "8"]
[White "Delgado Kuffo, Andres"]
[Black "Gamayev, Oleg"]
[Result "0-1"]
[WhiteElo "2320"]
[BlackElo "2160"]
[PlyCount "94"]
[EventDate "2023.09.12"]
[EventType "swiss (blitz)"]
[EventRounds "11"]
[EventCountry "USA"]
[SourceTitle "EXT 2024"]
[Source "ChessBase"]
[SourceDate "2023.10.10"]
[SourceVersion "1"]
[SourceVersionDate "2023.10.10"]
[SourceQuality "1"]

1. e4 d6 2. d4 Nf6 3. Nc3 g6 4. Bg5 Bg7 5. e5 Nfd7 6. Nd5 f6 7. exf6 exf6 8. Qe2+ Kf8 9. Bf4 Nb6 10. Qf3 Nc6 11. 0-0-0 Bg4 12. Qxg4 Nxd5 13. Bg3 Qc8 14. Qf3 Qf5 15. Qxf5 gxf5 16. Bc4 Nde7 17. Be6 Nd8 18. Bd7 Nf7 19. Ne2 Rd8 20. Be6 Ng5 21. Nf4 Ng6 22. Bxf5 Nxf4 23. Bxf4 Bh6 24. h4 Nf7 25. Bxh6+ Nxh6 26. Be6 Kg7 27. d5 Rde8 28. Rde1 f5 29. f4 Kf6 30. g3 Re7 31. Kd2 Rhe8 32. c4 b6 33. a4 a5 34. Bd7 Rxe1 35. Rxe1 Rxe1 36. Kxe1 Ng4 37. Ke2 Kg6 38. Kf3 Nf6 39. Bc6 Ne4 40. g4 Nd2+ 41. Ke2 Nxc4 42. b3 Na3 43. Be8+ Kf6 44. g5+ Ke7 45. Bb5 Nc2 46. Bd3 Nb4 47. Bxf5 Nxd5 0-1

[Event "Titled Tuesday intern op 12th Sep Early"]
[Site "Chess.com INT"]
[Date "2023.09.12"]
[Round "5"]
[White "Ovetchkin, Roman"]
[Black "Gamayev, Oleg"]
[Result "1-0"]
[WhiteElo "2518"]
[BlackElo "2160"]
[PlyCount "87"]
[EventDate "2023.09.12"]
[EventType "swiss (blitz)"]
[EventRounds "11"]
[EventCountry "USA"]
[SourceTitle "EXT 2024"]
[Source "ChessBase"]
[SourceDate "2023.10.10"]
[SourceVersion "1"]
[SourceVersionDate "2023.10.10"]
[SourceQuality "1"]

1. d4 e6 2. e4 d5 3. e5 c5 4. c3 Nc6 5. Nf3 Bd7 6. Bd3 Rc8 7. a3 Nh6 8. b4 cxd4 9. cxd4 Nf5 10. Bb2 Be7 11. 0-0 0-0 12. Nbd2 f6 13. exf6 Bxf6 14. Nb3 Re8 15. Re1 b6 16. Qd2 Qc7 17. Rac1 Qd6 18. Ne5 Bxe5 19. dxe5 Qf8 20. Ba6 Rb8 21. Qd3 Re7 22. g3 Rf7 23. Re2 Be8 24. Rec2 Nh6 25. Nd4 Nxe5 26. Qe2 Nf3+ 27. Nxf3 Rxf3 28. Qxe6+ Kh8 29. Qxh6 Rb3 30. Qg5 d4 31. Bxd4 Rf3 32. Rc7 Rf7 33. Rc8 Rxc8 34. Rxc8 Re7 35. Bd3 Kg8 36. Qd5+ Kh8 37. Kg2 h6 38. Qf5 Qxf5 39. Bxf5 Kg8 40. Bg6 Kf8 41. Be3 Re6 42. Rxe8+ Rxe8 43. Bxe8 Kxe8 44. Kf3 1-0

[Event "Titled Tuesday intern op 12th Sep Early"]
[Site "Chess.com INT"]
[Date "2023.09.12"]
[Round "1"]
[White "Urazayev, Arystanbek"]
[Black "Gamayev, Oleg"]
[Result "1-0"]
[WhiteElo "2478"]
[BlackElo "2160"]
[PlyCount "171"]
[EventDate "2023.09.12"]
[EventType "swiss (blitz)"]
[EventRounds "11"]
[EventCountry "USA"]
[SourceTitle "EXT 2024"]
[Source "ChessBase"]
[SourceDate "2023.10.10"]
[SourceVersion "1"]
[SourceVersionDate "2023.10.10"]
[SourceQuality "1"]

1. d4 e6 2. c4 f5 3. Bf4 d5 4. e3 c6 5. Nf3 Nf6 6. h3 Bd6 7. Nc3 0-0 8. Be2 Qe7 9. 0-0 Nbd7 10. Rb1 Ne4 11. Qc2 Ndf6 12. Ne5 Bd7 13. Nd1 Ne8 14. f3 N4f6 15. Nf2 Nh5 16. Bh2 Nhf6 17. c5 Bc7 18. b4 a6 19. a4 Bc8 20. b5 axb5 21. axb5 Bxe5 22. Bxe5 Nd7 23. Bh2 e5 24. Rfe1 e4 25. bxc6 bxc6 26. fxe4 fxe4 27. Ng4 Nef6 28. Bd6 Qe6 29. Bxf8 Nxf8 30. Nxf6+ Qxf6 31. Bf1 Qg5 32. Kh1 Ng6 33. Qf2 Be6 34. Rb6 Rf8 35. Qe2 Bd7 36. Reb1 Nh4 37. Rb8 Be8 38. Qg4 Qf6 39. Be2 Nf5 40. Qf4 g5 41. Qe5 Qxe5 42. dxe5 Ng3+ 43. Kh2 Nxe2 44. e6 Bg6 45. R1b6 d4 46. e7 Rxb8 47. Rxb8+ Kg7 48. exd4 Nxd4 49. e8Q Bxe8 50. Rxe8 Nb3 51. Rxe4 Nxc5 52. Re5 Nd7 53. Rxg5+ Kf6 54. Rh5 Kg6 55. Ra5 Kf6 56. Kg3 Ne5 57. Kf4 Ng6+ 58. Ke4 Ne7 59. Rh5 Kg6 60. Rc5 Kf6 61. g4 h6 62. h4 Ke6 63. Rh5 Ng8 64. Kf4 Kd6 65. Ra5 c5 66. Ra6+ Kd5 67. Rg6 Ne7 68. Rxh6 c4 69. Ke3 Ke5 70. Rh5+ Ke6 71. Rc5 Nd5+ 72. Kd4 Nf4 73. Rxc4 Kf6 74. Rc6+ Kg7 75. Ke4 Ng2 76. h5 Ne1 77. Kf4 Nd3+ 78. Kg5 Ne5 79. Rc7+ Kg8 80. Kf5 Nf3 81. Kf6 Nh2 82. g5 Ng4+ 83. Ke6 Kh8 84. h6 Nf2 85. g6 Ne4 86. Rc8# 1-0

[Event "Titled Tuesday intern op 05th Sep Early"]
[Site "Chess.com INT"]
[Date "2023.09.05"]
[Round "4"]
[White "Carrasco Miranda, Andres"]
[Black "Gamayev, Oleg"]
[Result "0-1"]
[WhiteElo "2241"]
[BlackElo "2160"]
[PlyCount "128"]
[EventDate "2023.09.05"]
[EventType "swiss (blitz)"]
[EventRounds "11"]
[EventCountry "USA"]
[SourceTitle "EXT 2024"]
[Source "ChessBase"]
[SourceDate "2023.10.10"]
[SourceVersion "1"]
[SourceVersionDate "2023.10.10"]
[SourceQuality "1"]

1. d4 d6 2. Nf3 Nf6 3. c4 g6 4. g3 Bg7 5. Bg2 0-0 6. Nc3 Nc6 7. 0-0 a6 8. Bf4 Rb8 9. Rc1 Bf5 10. h3 Ne4 11. g4 Nxc3 12. Rxc3 Be4 13. Be3 Re8 14. a3 Qd7 15. d5 Nd8 16. Bd4 e5 17. dxe6 Nxe6 18. Bxg7 Nxg7 19. Qd2 h5 20. Qh6 Bxf3 21. Bxf3 hxg4 22. hxg4 Qe7 23. Kg2 Ne6 24. Rh1 Qf6 25. e3 Qg7 26. Bd5 Qxh6 27. Rxh6 Kg7 28. Rh1 c6 29. Bxe6 Rxe6 30. Rd1 Kf6 31. Rcd3 Ke7 32. b4 b5 33. Rc1 bxc4 34. Rxc4 Kd7 35. Rc5 Rb5 36. Kg3 Kc7 37. Rxb5 axb5 38. f4 c5 39. bxc5 dxc5 40. f5 gxf5 41. gxf5 Re4 42. Kf3 Re5 43. e4 c4 44. Rd2 Rc5 45. Ke3 Rc6 46. Rd5 Kb6 47. Rd2 Kc5 48. e5 Rh6 49. Ke4 Rh4+ 50. Kf3 Rh3+ 51. Kg4 Re3 52. Kf4 Re1 53. e6 fxe6 54. f6 c3 55. Rc2 Kc4 56. Kg5 Kd3 57. Rf2 Rg1+ 58. Kh4 Rg8 59. f7 Rf8 60. Kg5 c2 61. Rxc2 Kxc2 62. Kf6 e5 63. Ke7 Rxf7+ 64. Kxf7 e4 0-1

[Event "Titled Tuesday intern op 05th Sep Early"]
[Site "Chess.com INT"]
[Date "2023.09.05"]
[Round "9"]
[White "Gamayev, Oleg"]
[Black "Hajiyev, Kanan"]
[Result "1/2-1/2"]
[WhiteElo "2160"]
[BlackElo "2113"]
[PlyCount "107"]
[EventDate "2023.09.05"]
[EventType "swiss (blitz)"]
[EventRounds "11"]
[EventCountry "USA"]
[SourceTitle "EXT 2024"]
[Source "ChessBase"]
[SourceDate "2023.10.10"]
[SourceVersion "1"]
[SourceVersionDate "2023.10.10"]
[SourceQuality "1"]

1. d3 b6 2. e4 Bb7 3. Nf3 d5 4. Nbd2 c5 5. c3 Nf6 6. exd5 Nxd5 7. Nb3 e6 8. Be2 Bd6 9. 0-0 0-0 10. Re1 Nc6 11. Bf1 Qc7 12. d4 cxd4 13. Nbxd4 Nxd4 14. Qxd4 Rad8 15. h3 Nf4 16. Qe3 h6 17. Ne5 Bxe5 18. Qxe5 Qxe5 19. Rxe5 Nd3 20. Bxd3 Rxd3 21. Re1 Rfd8 22. Be3 f6 23. f3 e5 24. Kf2 Kf7 25. Ke2 Ba6 26. Kf2 Ke6 27. Rac1 R8d7 28. c4 h5 29. b3 h4 30. Ke2 g5 31. Red1 Rxd1 32. Rxd1 Rxd1 33. Kxd1 Bb7 34. Ke2 Kd6 35. a4 Bc6 36. Bf2 Ke6 37. Be3 Kf5 38. Kf2 e4 39. Bd4 exf3 40. gxf3 Ke6 41. Ke3 f5 42. Kf2 Bd7 43. Be3 Kf6 44. Kg2 g4 45. fxg4 fxg4 46. hxg4 Bxg4 47. c5 bxc5 48. Bxc5 a6 49. b4 Bd7 50. b5 axb5 51. axb5 Bxb5 52. Be7+ Kxe7 53. Kh3 Bd7+ 54. Kxh4 1/2-1/2

[Event "Titled Tuesday intern op 05th Sep Early"]
[Site "Chess.com INT"]
[Date "2023.09.05"]
[Round "2"]
[White "Makarian, Rudik"]
[Black "Gamayev, Oleg"]
[Result "1-0"]
[WhiteElo "2548"]
[BlackElo "2160"]
[PlyCount "107"]
[EventDate "2023.09.05"]
[EventType "swiss (blitz)"]
[EventRounds "11"]
[EventCountry "USA"]
[SourceTitle "EXT 2024"]
[Source "ChessBase"]
[SourceDate "2023.10.10"]
[SourceVersion "1"]
[SourceVersionDate "2023.10.10"]
[SourceQuality "1"]

1. d4 Nf6 2. c4 e6 3. Nf3 b6 4. g3 Bb7 5. Bg2 Be7 6. 0-0 0-0 7. Re1 Ne4 8. Nfd2 f5 9. Nxe4 Bxe4 10. Bxe4 fxe4 11. Nc3 d5 12. cxd5 exd5 13. Qb3 c6 14. Nxe4 Nd7 15. Nc3 Kh8 16. Bf4 Rxf4 17. gxf4 Bd6 18. e3 Qh4 19. Qd1 Rf8 20. Qf3 g5 21. Kh1 Nf6 22. Qg3 Qh5 23. Qxg5 Qf3+ 24. Qg2 Qh5 25. f3 Rg8 26. Qf2 Rg6 27. Rg1 Rh6 28. Rg5 Qh3 29. Rag1 Rh4 30. Qg3 Qxg3 31. R1xg3 Rh6 32. Kg2 b5 33. Rh3 Rxh3 34. Kxh3 h6 35. Rg6 Be7 36. f5 Kh7 37. e4 b4 38. Ne2 dxe4 39. fxe4 Nxe4 40. Rxc6 Ng5+ 41. Kg4 Bd8 42. Nf4 Ne4 43. Nd5 Nf2+ 44. Kf3 Nd3 45. Rd6 Bg5 46. Rd7+ Kg8 47. f6 Nxb2 48. h4 Bxh4 49. Kg4 Bg5 50. Kf5 Kf8 51. Ke6 Kg8 52. Rg7+ Kf8 53. Ne7 Nd3 54. Rg8# 1-0

[Event "Titled Tuesday intern op 05th Sep Early"]
[Site "Chess.com INT"]
[Date "2023.09.05"]
[Round "8"]
[White "Secer, Ata"]
[Black "Gamayev, Oleg"]
[Result "1-0"]
[WhiteElo "2332"]
[BlackElo "2160"]
[PlyCount "129"]
[EventDate "2023.09.05"]
[EventType "swiss (blitz)"]
[EventRounds "11"]
[EventCountry "USA"]
[SourceTitle "EXT 2024"]
[Source "ChessBase"]
[SourceDate "2023.10.10"]
[SourceVersion "1"]
[SourceVersionDate "2023.10.10"]
[SourceQuality "1"]

1. e4 e5 2. Nf3 Nc6 3. Bb5 a6 4. Ba4 Nf6 5. 0-0 Be7 6. Re1 b5 7. Bb3 d6 8. c3 0-0 9. h3 Na5 10. Bc2 c5 11. d4 Qc7 12. d5 c4 13. b4 cxb3 14. axb3 Bd7 15. Ba3 Rfc8 16. Nxe5 Be8 17. Nf3 Nb7 18. Re3 Bf8 19. Nbd2 Nc5 20. Nd4 a5 21. Bb2 g6 22. b4 axb4 23. cxb4 Na4 24. Bxa4 bxa4 25. Nc6 Bg7 26. Rxa4 Bxc6 27. dxc6 Qxc6 28. Rxa8 Qxa8 29. Qb3 Qb7 30. Rd3 Ne8 31. Bxg7 Kxg7 32. Kh2 Rb8 33. Qb2+ Kg8 34. Rb3 Qb5 35. Qd4 Rc8 36. Nf3 Rc2 37. Rc3 Rxc3 38. Qxc3 Qb7 39. Qd4 Ng7 40. Qxd6 Qxe4 41. Qb8+ Ne8 42. b5 Kg7 43. b6 Nf6 44. b7 Nd7 45. Qc7 Qe8 46. Qxd7 Qxd7 47. b8Q f6 48. Qb6 h5 49. h4 Qg4 50. Qe3 Qa4 51. g3 Qa8 52. Kg2 Qb7 53. Qe6 Qa8 54. Qe7+ Kh6 55. Qxf6 Kh7 56. Qf7+ Kh6 57. Qf4+ Kh7 58. Kh2 Qb7 59. Ng5+ Kg7 60. Qf3 Qe7 61. Kg2 Qd7 62. Qe4 Kh6 63. Qe6 Qb7+ 64. Nf3 Qc7 65. Qf6 1-0

[Event "Titled Tuesday intern op 15th Aug Early"]
[Site "Chess.com INT"]
[Date "2023.08.15"]
[Round "1"]
[White "Gamayev, Oleg"]
[Black "Osinovsky, Stepan"]
[Result "0-1"]
[WhiteElo "2160"]
[BlackElo "2241"]
[PlyCount "48"]
[EventDate "2023.08.15"]
[EventType "swiss (blitz)"]
[EventRounds "11"]
[EventCountry "USA"]
[SourceTitle "EXT 2024"]
[Source "ChessBase"]
[SourceDate "2023.10.10"]
[SourceVersion "1"]
[SourceVersionDate "2023.10.10"]
[SourceQuality "1"]

1. d3 Nf6 2. e4 g6 3. Nf3 Bg7 4. Be2 0-0 5. 0-0 d5 6. exd5 Nxd5 7. c3 b6 8. Re1 Bb7 9. Bf1 c5 10. Nbd2 Nc6 11. Nb3 Qd7 12. a4 a5 13. Nbd2 Rad8 14. Nc4 Qc7 15. Qb3 Ba8 16. Bg5 Rb8 17. Na3 Qd7 18. Nb5 h6 19. Bc1 Kh7 20. Nd2 Nf4 21. Qc4 Qg4 22. Re3 Ne5 23. Qb3 Bxg2 24. Bxg2 Qxg2# 0-1

[Event "Titled Tuesday intern op 15th Aug Late"]
[Site "Chess.com INT"]
[Date "2023.08.15"]
[Round "1"]
[White "Gerbelli Neto, Eduardo"]
[Black "Gamayev, Oleg"]
[Result "1-0"]
[WhiteElo "2114"]
[BlackElo "2160"]
[PlyCount "121"]
[EventDate "2023.08.15"]
[EventType "swiss (blitz)"]
[EventRounds "11"]
[EventCountry "USA"]
[SourceTitle "EXT 2024"]
[Source "ChessBase"]
[SourceDate "2023.10.10"]
[SourceVersion "1"]
[SourceVersionDate "2023.10.10"]
[SourceQuality "1"]

1. e4 d6 2. Nc3 Nf6 3. f4 e5 4. Nf3 exf4 5. d4 Be7 6. Bxf4 0-0 7. Bd3 c6 8. Qd2 Bg4 9. 0-0-0 Bh5 10. h3 Bg6 11. g4 d5 12. e5 Ne4 13. Bxe4 dxe4 14. Ng1 f6 15. Nge2 fxe5 16. Bxe5 Bg5 17. Bf4 Bxf4 18. Nxf4 Nd7 19. Nxg6 hxg6 20. Nxe4 Nf6 21. Ng5 Qd5 22. Kb1 Rae8 23. Rhg1 Ne4 24. Nxe4 Rxe4 25. c3 Ref4 26. Rde1 Qc4 27. Qe2 Qxe2 28. Rxe2 R8f7 29. h4 Rf2 30. Rxf2 Rxf2 31. h5 Kf7 32. hxg6+ Kxg6 33. Re1 Rf7 34. Re5 Kf6 35. Kc2 Rd7 36. Kd3 g5 37. Ke4 Rh7 38. Rf5+ Kg6 39. b4 Rh3 40. c4 Rg3 41. Re5 Rxg4+ 42. Ke3 Kf6 43. b5 cxb5 44. Rxb5 b6 45. a4 Rg3+ 46. Ke4 Ra3 47. c5 Rxa4 48. c6 Ke6 49. Rxg5 Ra5 50. Rxa5 bxa5 51. d5+ Kd6 52. Kd4 a4 53. Kc4 a5 54. Kc3 Kxd5 55. c7 Kc6 56. c8Q+ Kb5 57. Qb7+ Kc5 58. Kb2 Kc4 59. Ka3 Kc5 60. Kxa4 Kc4 61. Kxa5 1-0

[Event "Titled Tuesday intern op 15th Aug Early"]
[Site "Chess.com INT"]
[Date "2023.08.15"]
[Round "2"]
[White "Ovezdurdiyeva, Jemal"]
[Black "Gamayev, Oleg"]
[Result "0-1"]
[WhiteElo "2057"]
[BlackElo "2160"]
[PlyCount "44"]
[EventDate "2023.08.15"]
[EventType "swiss (blitz)"]
[EventRounds "11"]
[EventCountry "USA"]
[SourceTitle "EXT 2024"]
[Source "ChessBase"]
[SourceDate "2023.10.10"]
[SourceVersion "1"]
[SourceVersionDate "2023.10.10"]
[SourceQuality "1"]

1. e4 d6 2. d4 Nf6 3. Nc3 e5 4. Nf3 exd4 5. Nxd4 Be7 6. Be2 0-0 7. 0-0 Re8 8. Be3 c6 9. f3 Bf8 10. Qd2 d5 11. exd5 Nxd5 12. Nxd5 Qxd5 13. Bd3 Nd7 14. Be4 Qh5 15. Bg5 Nc5 16. Rae1 Ne6 17. Nxe6 Bxe6 18. Be3 Rad8 19. Qf2 a6 20. a3 Bc4 21. Bb6 Bxf1 22. Bxd8 Bc5 0-1

[Event "Titled Tuesday intern op 15th Aug Early"]
[Site "Chess.com INT"]
[Date "2023.08.15"]
[Round "10"]
[White "Rom, Jasper B"]
[Black "Gamayev, Oleg"]
[Result "0-1"]
[WhiteElo "2202"]
[BlackElo "2160"]
[PlyCount "140"]
[EventDate "2023.08.15"]
[EventType "swiss (blitz)"]
[EventRounds "11"]
[EventCountry "USA"]
[SourceTitle "EXT 2024"]
[Source "ChessBase"]
[SourceDate "2023.10.10"]
[SourceVersion "1"]
[SourceVersionDate "2023.10.10"]
[SourceQuality "1"]

1. e4 d6 2. d4 Nf6 3. Nc3 e5 4. Nf3 exd4 5. Nxd4 Be7 6. Be2 0-0 7. 0-0 c6 8. f4 Re8 9. Bf3 Bf8 10. Re1 Nbd7 11. Kh1 Nc5 12. g4 h6 13. b4 Ne6 14. Nxe6 Bxe6 15. f5 Bc8 16. Bf4 Nd7 17. h3 Ne5 18. Bg2 Qh4 19. Kh2 h5 20. Bg3 Qf6 21. gxh5 d5 22. Rf1 d4 23. Ne2 Qg5 24. Qxd4 Qxh5 25. Nf4 Qh6 26. a3 Qf6 27. c3 Nd7 28. Qxf6 Nxf6 29. Rae1 Bd6 30. Ne2 Be5 31. Bxe5 Rxe5 32. Ng3 Bd7 33. Rd1 Rae8 34. Rfe1 Bc8 35. Bf3 g6 36. fxg6 fxg6 37. Kg2 Kg7 38. Rd4 Be6 39. Ne2 Rh8 40. Nf4 Bc8 41. Kg3 g5 42. Ng2 Rxh3+ 43. Kf2 g4 44. Bd1 Rxc3 45. Re3 Rxe3 46. Kxe3 Re7 47. Kf4 Nd7 48. Bxg4 Rf7+ 49. Kg3 Nb6 50. Bxc8 Nxc8 51. Nf4 Nb6 52. e5 Re7 53. e6 Kf6 54. Kg4 Ke5 55. Rd3 Nd5 56. Nxd5 cxd5 57. Re3+ Kf6 58. Kf4 Rxe6 59. Rd3 Re4+ 60. Kf3 Ke5 61. Rd2 Rh4 62. Rg2 Rh3+ 63. Ke2 Rxa3 64. Rg5+ Kd4 65. Rg7 b6 66. Rb7 Kc4 67. Rc7+ Kxb4 68. Kd2 b5 69. Kc2 a5 70. Kb2 Rd3 0-1

[Event "Titled Tuesday intern op 15th Aug Early"]
[Site "Chess.com INT"]
[Date "2023.08.15"]
[Round "4"]
[White "Skaric, Djuro"]
[Black "Gamayev, Oleg"]
[Result "0-1"]
[WhiteElo "2334"]
[BlackElo "2160"]
[PlyCount "82"]
[EventDate "2023.08.15"]
[EventType "swiss (blitz)"]
[EventRounds "11"]
[EventCountry "USA"]
[SourceTitle "EXT 2024"]
[Source "ChessBase"]
[SourceDate "2023.10.10"]
[SourceVersion "1"]
[SourceVersionDate "2023.10.10"]
[SourceQuality "1"]

1. g3 d6 2. Bg2 Nf6 3. d3 e5 4. Nf3 c6 5. 0-0 a5 6. Nc3 Be7 7. h3 0-0 8. e4 b5 9. g4 h6 10. Ne2 c5 11. Ng3 Nc6 12. Be3 Nd4 13. Nf5 Bxf5 14. exf5 Rc8 15. c3 Nxf3+ 16. Qxf3 d5 17. Qe2 d4 18. Bd2 Bd6 19. Rae1 Re8 20. Qd1 c4 21. dxc4 bxc4 22. Qa4 d3 23. Re3 Bc5 24. Rg3 e4 25. g5 Qd6 26. Be3 Bxe3 27. Rxe3 hxg5 28. Qxa5 Re5 29. Qa4 Rxf5 30. Bxe4 Re5 31. Bg2 Rxe3 32. fxe3 g4 33. Qd1 gxh3 34. Bxh3 Qg3+ 35. Bg2 Ng4 36. Rf3 Qh2+ 37. Kf1 Qe5 38. Qd2 Nh2+ 39. Kf2 Nxf3 40. Bxf3 Qh2+ 41. Bg2 Rc6 0-1

[Event "Titled Tuesday intern op 15th Aug Late"]
[Site "Chess.com INT"]
[Date "2023.08.15"]
[Round "7"]
[White "Vifleemskaia, Svetlana"]
[Black "Gamayev, Oleg"]
[Result "0-1"]
[WhiteElo "1903"]
[BlackElo "2160"]
[PlyCount "134"]
[EventDate "2023.08.15"]
[EventType "swiss (blitz)"]
[EventRounds "11"]
[EventCountry "USA"]
[SourceTitle "EXT 2024"]
[Source "ChessBase"]
[SourceDate "2023.10.10"]
[SourceVersion "1"]
[SourceVersionDate "2023.10.10"]
[SourceQuality "1"]

1. d4 d6 2. c4 Nf6 3. Nc3 e5 4. dxe5 dxe5 5. Qxd8+ Kxd8 6. Bg5 Be7 7. 0-0-0+ Nfd7 8. Bxe7+ Kxe7 9. Nd5+ Kd8 10. Nf3 f6 11. h4 c6 12. Nc3 Kc7 13. h5 Nc5 14. b4 Ne6 15. e3 a5 16. a3 axb4 17. axb4 Ra1+ 18. Kc2 Rxd1 19. Nxd1 Na6 20. Kc3 h6 21. Nb2 Bd7 22. c5 Nb8 23. Nc4 Be8 24. g4 Nd7 25. Bd3 b6 26. Bf5 Nef8 27. cxb6+ Nxb6 28. Nxb6 Kxb6 29. Rd1 Kc7 30. Ra1 Nd7 31. Ra7+ Kd6 32. Ra8 Nb6 33. Ra7 Bd7 34. e4 Ra8 35. Rxa8 Nxa8 36. Nh4 Be8 37. Bg6 Bd7 38. Bf5 Nc7 39. Kc4 Be8 40. Bc8 Bf7+ 41. Kd3 Ne8 42. Nf5+ Kc7 43. Ba6 Be6 44. Ne3 Nd6 45. f3 Kb6 46. Bc4 Bd7 47. Kc3 c5 48. bxc5+ Kxc5 49. Bg8 Bb5 50. Bb3 Be2 51. Bd1 Ba6 52. Nf5 Nxf5 53. exf5 Bb7 54. Be2 Bc6 55. Bd1 Bb5 56. Bc2 Be2 57. Be4 Bd1 58. Ba8 Ba4 59. Be4 Bb5 60. Bb7 Bc4 61. Be4 Bd5 62. Bxd5 Kxd5 63. Kd3 Kc5 64. Kc3 Kd5 65. Kd3 Kd6 66. Ke3 Kc5 67. Kd3 Kd5 0-1

[Event "Titled Tuesday intern op 25th Jul Early"]
[Site "Chess.com INT"]
[Date "2023.07.25"]
[Round "1"]
[White "Gamayev, Oleg"]
[Black "Nayak, Rajesh"]
[Result "1/2-1/2"]
[WhiteElo "2143"]
[BlackElo "2194"]
[PlyCount "129"]
[EventDate "2023.07.25"]
[EventType "swiss (blitz)"]
[EventRounds "11"]
[EventCountry "USA"]
[SourceTitle "EXT 2024"]
[Source "ChessBase"]
[SourceDate "2023.10.10"]
[SourceVersion "1"]
[SourceVersionDate "2023.10.10"]
[SourceQuality "1"]

1. d3 Nf6 2. e4 d6 3. Nf3 e5 4. Be2 Be7 5. 0-0 0-0 6. c3 c6 7. Nbd2 Bg4 8. Ne1 Bxe2 9. Qxe2 Nbd7 10. Nc2 a5 11. Nf3 Nc5 12. h3 Ne6 13. Re1 b5 14. Ng5 Nxg5 15. Bxg5 Nd7 16. Be3 a4 17. Rad1 Re8 18. d4 Qc7 19. dxe5 Nxe5 20. Nd4 Nc4 21. Bc1 Bf6 22. Qc2 Bxd4 23. cxd4 d5 24. b3 axb3 25. axb3 Nb6 26. e5 Qd7 27. Be3 Ra6 28. Rc1 Nc8 29. Rf1 Ne7 30. Ra1 Rea8 31. Rxa6 Rxa6 32. Rc1 Qa7 33. Bg5 Ra2 34. Qc5 Qxc5 35. Rxc5 Nf5 36. Rxc6 h6 37. Be3 Rb2 38. Rc3 b4 39. Rd3 g5 40. g3 Kh7 41. Kg2 Kg6 42. Kf3 h5 43. g4 hxg4+ 44. hxg4 Ng7 45. Kg3 Ne6 46. f4 gxf4+ 47. Bxf4 Rg2+ 48. Kf3 Rb2 49. Be3 Rc2 50. Bd2 Rb2 51. Bxb4 Rxb3 52. Rxb3 Nxd4+ 53. Ke3 Nxb3 54. Bc3 Kg5 55. Kf3 d4 56. Bb4 d3 57. Ke3 d2 58. Bxd2 Nxd2 59. Kxd2 Kf4 60. Kd3 Kxe5 61. Ke3 f5 62. g5 f4+ 63. Kf3 Kf5 64. g6 Kxg6 65. Kxf4 1/2-1/2

[Event "Titled Tuesday intern op 25th Jul Early"]
[Site "Chess.com INT"]
[Date "2023.07.25"]
[Round "11"]
[White "Gamayev, Oleg"]
[Black "Rangel, Daniel"]
[Result "1-0"]
[WhiteElo "2143"]
[BlackElo "2199"]
[PlyCount "81"]
[EventDate "2023.07.25"]
[EventType "swiss (blitz)"]
[EventRounds "11"]
[EventCountry "USA"]
[SourceTitle "EXT 2024"]
[Source "ChessBase"]
[SourceDate "2023.10.10"]
[SourceVersion "1"]
[SourceVersionDate "2023.10.10"]
[SourceQuality "1"]

1. d3 Nf6 2. e4 g6 3. Nf3 Bg7 4. Be2 0-0 5. 0-0 c5 6. c3 Nc6 7. a4 d5 8. exd5 Nxd5 9. Re1 b6 10. Bf1 Bb7 11. Nbd2 e5 12. Nc4 f6 13. Qb3 Kh8 14. a5 Rb8 15. axb6 axb6 16. Qc2 b5 17. Ncd2 f5 18. Nb3 Qd6 19. g3 Nc7 20. Bg2 Ne6 21. Ng5 Nxg5 22. Bxg5 h6 23. Be3 Nd4 24. cxd4 Bxg2 25. Kxg2 cxd4 26. Bxd4 exd4 27. Ra7 Rbc8 28. Qd1 Rfe8 29. Nd2 g5 30. Rxe8+ Rxe8 31. Qf3 Rf8 32. Qb7 Qe5 33. Nf3 Qf6 34. Qxb5 f4 35. g4 h5 36. Qxg5 Qxg5 37. Nxg5 hxg4 38. Rxg7 Kxg7 39. Ne6+ Kf7 40. Nxf8 Kxf8 41. f3 1-0

[Event "Titled Tuesday intern op 25th Jul Early"]
[Site "Chess.com INT"]
[Date "2023.07.25"]
[Round "8"]
[White "Vakhlamov, Igor L"]
[Black "Gamayev, Oleg"]
[Result "1-0"]
[WhiteElo "2413"]
[BlackElo "2143"]
[PlyCount "27"]
[EventDate "2023.07.25"]
[EventType "swiss (blitz)"]
[EventRounds "11"]
[EventCountry "USA"]
[SourceTitle "EXT 2024"]
[Source "ChessBase"]
[SourceDate "2023.10.10"]
[SourceVersion "1"]
[SourceVersionDate "2023.10.10"]
[SourceQuality "1"]

1. e4 d6 2. d4 Nf6 3. Nc3 e5 4. dxe5 dxe5 5. Qxd8+ Kxd8 6. Bg5 Be7 7. Nf3 Nbd7 8. 0-0-0 Ke8 9. Bh4 Ng8 10. Bxe7 Nxe7 11. Nb5 Kd8 12. Nxe5 f6 13. Nf7+ Ke8 14. Nxh8 1-0